Numerical and Experimental Analysis of the Fracture Behaviour of Heterogeneous Welded Structures (Record no. 21764)

MARC details
000 -LEADER
fixed length control field 01301nam a2200133Ia 4500
008 - FIXED-LENGTH DATA ELEMENTS--GENERAL INFORMATION
fixed length control field 220620s9999||||xx |||||||||||||| ||und||
020 ## - INTERNATIONAL STANDARD BOOK NUMBER
International Standard Book Number 9783040000000
245 #0 - TITLE STATEMENT
Title Numerical and Experimental Analysis of the Fracture Behaviour of Heterogeneous Welded Structures
546 ## - LANGUAGE NOTE
Language note English[eng]
650 ## - SUBJECT ADDED ENTRY--TOPICAL TERM
Topical term or geographic name entry element welding||distortion||stamping||model||prediction||actual stress–strain diagram||undermatching weld||martensitic steel||DIC||FEM||welded joint||finite element method (FEM)||multiple defects||stress concentration||weld metals||welded joints||damage mechanics||finite element analysis||crack growth||ductile fracture||Al7075||TC4||contact reactive brazing||Cu deposited||creep||C* integral||mismatched weld||CT specimen||yield load||heterogeneous weld||numerical analysis||SE(B) specimen||metal weld||strength mismatch||fracture||plastic correction factors||fixture rollers||J-R resistance curve||refinery||piping||API 5L X80 steel||nonlinear strength analyses||cleavage fracture stress||medium carbon forging steel||microalloyed steel||acicular ferrite||heterogeneous microstructure||crack-initiation energy||crack-propagation energy||fracture toughness
700 ## - ADDED ENTRY--PERSONAL NAME
Personal name Kozak, Dražan||Gubeljak, Nenad||Sedmak, Aleksandar
856 ## - ELECTRONIC LOCATION AND ACCESS
Uniform Resource Identifier <a href="https://mdpi.com/books/pdfview/book/5140">https://mdpi.com/books/pdfview/book/5140</a>
942 ## - ADDED ENTRY ELEMENTS (KOHA)
Koha item type E-Books
Holdings
Withdrawn status Lost status Damaged status Not for loan Home library Current library Date acquired Total Checkouts Date last seen Price effective from Koha item type
        Kerala University of Digital Sciences, Innovation and Technology Knowledge Centre Kerala University of Digital Sciences, Innovation and Technology Knowledge Centre 20/06/2022   20/06/2022 20/06/2022 E-Books